000 00212 a2200085 4500
020 _a9788842214809
100 _aMOHAMMAD AL ASAD
245 _aARCHITECTURAL CRITICISM AND JOURNALISM
260 _bUMBERTO ALLEMANDI & CO
999 _c13102
_d13102